Indización y resúmenes (Registro nro. 3960)

Detalles MARC
000 -LEADER
fixed length control field 00598 a2200205 4500
001 - CONTROL NUMBER
control field 45544
005 - DATE AND TIME OF LATEST TRANSACTION
control field 20260407155728.0
008 - FIXED-LENGTH DATA ELEMENTS--GENERAL INFORMATION
fixed length control field 260407a1991 arg spa d
003 - CONTROL NUMBER IDENTIFIER
control field AR-UNSa-BCEJYS
040 ## - CATALOGING SOURCE
Original cataloging agency AR-UNSa-BCEJYS
Language of cataloging spa
Transcribing agency AR-UNSa-BCEJYS
080 ## - UNIVERSAL DECIMAL CLASSIFICATION NUMBER
Universal Decimal Classification number 02
Common auxiliary subdivision Biblioteconomía. Bibliotecología
020 ## - INTERNATIONAL STANDARD BOOK NUMBER
International Standard Book Number 987-95809-2-3
100 1# - MAIN ENTRY--PERSONAL NAME
Personal name Lancaster, Kelvin
245 10 - TITLE STATEMENT
Title Indización y resúmenes
Name of part/section of a work teoría y práctica
264 #1 - PRODUCTION, PUBLICATION, DISTRIBUTION, MANUFACTURE, AND COPYRIGHT NOTICE
Place of production, publication, distribution, manufacture Buenos Aires :
Name of producer, publisher, distributor, manufacturer EB publicaaciones
Date of production, publication, distribution, manufacture, or copyright notice 1991
300 ## - PHYSICAL DESCRIPTION
Extent 337 p.
Dimensions 22 cm.
590 ## - LOCAL NOTE (RLIN)
Local note niveau_biblio:m niveau_hierar:0
700 1# - ADDED ENTRY--PERSONAL NAME
Personal name Baber, Elsa E.
942 ## - ADDED ENTRY ELEMENTS (KOHA)
Koha item type
Existencias
Withdrawn status Lost status Damaged status Not for loan Home library Current library Shelving location Date acquired Total checkouts Full call number Barcode Date last seen Price effective from Koha item type
        Biblioteca Prof. Eusebio Cleto del Rey Biblioteca Prof. Eusebio Cleto del Rey   07/04/2026   02 L244 L127136 07/04/2026 07/04/2026 Libro